Central Library OPAC University of Rajshahi

Palestine on the eve / (Record no. 65396)

MARC details
000 -LEADER
fixed length control field 00724nam a2200253 a 4500
001 - CONTROL NUMBER
control field 65396
003 - CONTROL NUMBER IDENTIFIER
rucl marc code BD-RjUL
005 - DATE AND TIME OF LATEST TRANSACTION
control field 20211209081424.0
008 - FIXED-LENGTH DATA ELEMENTS--GENERAL INFORMATION
fixed length control field 170305r1936uuuuenk 001 0 eng
035 ## - SYSTEM CONTROL NUMBER
System control number (BD-RjUL)65526
040 ## - CATALOGING SOURCE
Original cataloging agency DLC
Transcribing agency ABAU
Modifying agency OCoLC
-- BD-RjUL
Language of cataloging eng
041 ## - LANGUAGE CODE
Language code of text/sound track or separate title eng
082 ## - DEWEY DECIMAL CLASSIFICATION NUMBER
Classification number 956.94
Edition number 23
Author mark and year FAP 1956
100 1# - MAIN ENTRY--PERSONAL NAME
Personal name Farago, Ladislas.
9 (RLIN) 193522
245 10 - TITLE STATEMENT
Title Palestine on the eve /
Statement of responsibility, etc. by Ladislas Farago.
260 ## - PUBLICATION, DISTRIBUTION, ETC. (IMPRINT)
Place of publication, distribution, etc. London :
Name of publisher, distributor, etc. Putnam,
Date of publication, distribution, etc. 1936
300 ## - PHYSICAL DESCRIPTION
Pagination x, 286 p. :
Illustrations ill.
Size 22 cm.
500 ## - GENERAL NOTE
General note Include index
650 #0 - SUBJECT ADDED ENTRY--TOPICAL TERM
Topical term or geographic name as entry element Zionism.
9 (RLIN) 191744
Topical term or geographic name as entry element Jews
Geographic subdivision Palestine.
9 (RLIN) 191743
Topical term or geographic name as entry element Palestinian Arabs.
9 (RLIN) 191745
651 #0 - SUBJECT ADDED ENTRY--GEOGRAPHIC NAME
Geographic name Palestine
General subdivision Description and travel.
9 (RLIN) 193523
942 ## - ADDED ENTRY ELEMENTS (KOHA)
Source of classification or shelving scheme Dewey Decimal Classification
Koha item type Books
Holdings
Lost status Source of classification or shelving scheme Damaged status Not for loan Collection code Permanent Location Current Location Shelving location Date acquired Source of acquisition Cost, normal purchase price Total Checkouts Full call number Date last seen Copy number Koha item type
  Dewey Decimal Classification   Not For Loan Non-fiction Central Library, University of Rajshahi Central Library, University of Rajshahi Reading Room 07/11/1966 A.I. quresri 7.03   956.94 FAP 1956 05/03/2017 C-1 Books